000 00595cam a2200217 4500
001 20373
005 20230410123558.0
008 060907s2003 fr fre
020 _a2711003159
035 _9funglode20525
041 _aFR
050 1 4 _aKJV 3248
_bS352d 2003
100 1 _aSchmidt Szalewski, Joanna
245 1 0 _aDroit de la propriété industrielle /
_cJoanna Schmidt Szalewski, Jean Luc Pierre
250 _a3a ed.
260 _aParís :
_bEditions du Juris Classeur,
_c2003
300 _a694 p.
440 0 _aManuels
700 1 _aPierre, Jean Luc
942 _2lcc
_cbk
999 _c64248
_d64248